Requien para un hijo Poemas
Guardat en:
| Autor principal: | |
|---|---|
| Format: | Llibre |
| Idioma: | espanyol |
| Publicat: |
Santiago
Unión de Escritores Americanos
1974
|
| Matèries: | |
| Etiquetes: |
Afegir etiqueta
Sense etiquetes, Sigues el primer a etiquetar aquest registre!
|
MARC
| LEADER | 00000nam a2200000 a 4500 | ||
|---|---|---|---|
| 001 | UCZ8175 | ||
| 003 | CL-VaPUC | ||
| 008 | 960119e19740000CL |||||||||||||||||spa|d | ||
| 082 | 0 | 4 | |a Ch861 |b HER |2 21 |
| 100 | 0 | |a Herrera, Sara |e author |9 353382 | |
| 245 | 1 | 0 | |a Requien para un hijo Poemas |
| 300 | |a 51 p | ||
| 942 | |c BK | ||
| 945 | |d 19960119 00:00:00 |a rleighto | ||
| 260 | |a Santiago |b Unión de Escritores Americanos |c 1974 | ||
| 650 | 0 | |a Poesías chilenas |9 265280 | |
| 583 | |a last modification |c 19960119 00:00:00 |k Rodrigo Vera | ||
| 999 | |c 244126 |d 244124 | ||
| 952 | |0 0 |1 0 |4 0 |6 CH_861_000000000000000_HER_1974 |7 0 |8 P |9 258082 |a BIBARQ |b BIBARQ |d 2019-11-19 |i 3154254 |o Ch861 HER 1974 |p 3154254 |r 2025-01-20 |w 2019-11-19 |y BK |k ARQ | ||